1277 1976 1084 1699 1871 1032 1446 1440 1368 1986 1299 1298 1427 1034 1699 1956 1066 1418 1181 1774 1554 1572 1722 1771 1540 1573 1976 1333 1497 1759 1883 1172 1645 1099 1708 1880 1679 1261 1464 1491 1788 1843 1935 1166 1544 1628 1639 1375 1391 1110 1347 1359 1441 1427 1652 1910 1982 1203 1929 1348 1295 1899 1777 1218 1748 1266 1318 1121 1245 1665 1465 1336 1326 1363 1910 1728 1688 1138 1901 1632 1685 1744 1523 1763 1413 1665 1002 1325 1541 1583 1399 1655 1938 1551 1149 1486 1080 1838 1094 BCNSPRNW ULIB Ver.6.0+V

เปลี่ยนเป็นภาษาไทย

Change to English
 แสดงรายละเอียดบรรณานุกรม
  กลับหน้าหลัก

Brief Record : Get Marc (ISO 2709) : E-mail record : QR code < ปิดหน้าต่าง
LEADER : 00000nam 2200000uu 4500
001    13399114210
003     ULIB
008    120305s2552||||th 000 0 tha d
020    ^a9789740921547
060 04 ^aWM105^bป525 2552
245 10 ^aปัญหาจิต ปัญหาใจ ปัญหาเด็ก--เด็ก--ปัญหาผู้ใหญ่แก้ไขได้ด้วยตัวคุณ / ^cคณะแพทยศาสตร์ จุฬาลงกรณ์มหาวิทยาลัย ; บรรณาธิการ ภุชงค์ เหล่ารุจิสวัสดิ์... [และคนอื่นๆ]
246 30 ^aปัญหาจิต ปัญหาใจปัญหาเด็ก..เด็ก..ปัญหาผู้ใหญ่แก้ไขได้ด้วยตัวคุณ
250    ^aพิมพ์ครั้งที่ 3
260    ^aกรุงเทพฯ :^bสรรพสาร,^c2552
300    ^a102 หน้า :^bภาพประกอบ ;^c21 ซม.
440  0 ^aความรู้ทางการแพทย์สู่ประชาชน
650  7 ^aสุขภาพจิต ^xรวมเรื่อง
650  7 ^aสุขภาพจิต ^xในวัยเด็ก
650  7 ^aสุขภาพจิต ^xในวัยผู้ใหญ่
700 0  ^aภุชงค์ เหล่ารุจิสวัสดิ์,^eบรรณาธิการ
710 2  ^aจุฬาลงกรณ์มหาวิทยาลัย^bคณะแพทยศาสตร์
945    ^p90^l0^i18869
995    ^aกัณชพร
999    ^aใช้งานได้ทุกระบบ
รายการนี้ยังไม่มีแท็ก
คุณยังไม่ได้ล็อกอิน คุณสามารถมีกิจกรรมร่วมกับเว็บไซต์ได้ แต่ต้องล็อกอินก่อน ::
  ล็อกอิน

รายการสื่อสารสนเทศ

ลำดับที่ ประเภท เลขเรียก/บาร์โค้ด สถานที่ สถานะ
- ไม่พบข้อมูล -

BibComment


ยังไม่เคยถูกคอมเมนท์

คอมเมนท์ทรัพยากรรายการนี้
  คอมเมนท์: ปัญหาจิต ปัญหาใจ..


 Copyright 2026. Bcnsprnw @Library